[Event "Africa-ch U2300 op"]
[Site "Windhoek"]
[Date "2019.01.01"]
[Round "2.2"]
[White "Machobane, Moemedi"]
[Black "Dimba, James"]
[Result "0-1"]
[WhiteElo "1892"]
[BlackElo "2029"]
[PlyCount "87"]
[EventDate "2018.12.31"]
[EventType "swiss"]
[EventRounds "9"]
[EventCountry "NAM"]
[SourceTitle "EXT 2024"]
[Source "ChessBase"]
[SourceDate "2023.10.10"]
[SourceVersion "1"]
[SourceVersionDate "2023.10.10"]
[SourceQuality "1"]

1. d4 Nf6 2. c4 g6 3. Nc3 Bg7 4. e4 d6 5. Nf3 0-0 6. Be2 e5 7. d5 a5 8. Qc2 Na6 9. a3 Nc5 10. Be3 b6 11. Bxc5 bxc5 12. 0-0 Nh5 13. Nd2 Nf4 14. Bf3 Qg5 15. Ne2 Bh6 16. Nxf4 Qxf4 17. Rad1 f5 18. Rfe1 a4 19. Re3 Qh4 20. Rc3 Bd7 21. Nf1 Rab8 22. Rb1 Rb6 23. Ng3 Bf4 24. Nf1 Qh6 25. exf5 gxf5 26. Bd1 e4 27. Rh3 Qg7 28. Qe2 Be5 29. b4 f4 30. Qh5 Bxh3 31. Qxh3 cxb4 32. axb4 Ra8 33. Qe6+ Kh8 34. Bxa4 Rg8 35. g3 e3 36. Kg2 e2 37. Nd2 fxg3 38. hxg3 Bxg3 39. Kf3 Rf8+ 40. Kxe2 Rxf2+ 41. Kd3 Rb8 42. Rh1 Bf4 43. Rd1 Bxd2 44. Rxd2 0-1

[Event "Africa-ch"]
[Site "Livingstone"]
[Date "2018.05.18"]
[Round "6"]
[White "Paiva, Donaldo"]
[Black "Dimba, James"]
[Result "1-0"]
[WhiteElo "2225"]
[BlackElo "2044"]
[PlyCount "94"]
[EventDate "2018.05.13"]
[EventType "swiss"]
[EventRounds "9"]
[EventCountry "ZAM"]
[SourceTitle "CBM 184 Extra"]
[Source "ChessBase"]
[SourceDate "2018.06.28"]
[SourceVersion "1"]
[SourceVersionDate "2018.06.28"]
[SourceQuality "1"]

1. Nf3 Nf6 2. g3 g6 3. b3 Bg7 4. Bb2 d6 5. d4 b6 6. Bg2 Bb7 7. 0-0 Nbd7 8. c4 0-0 9. Nc3 Ne4 10. Qd3 Nxc3 11. Bxc3 a5 12. d5 Nc5 13. Qc2 e5 14. a3 a4 15. b4 Nb3 16. Rad1 f5 17. Nd2 Nxd2 18. Bxd2 f4 19. c5 Ba6 20. Qe4 Bh6 21. Bf3 Bb5 22. Rc1 Ra7 23. Rc3 Bg5 24. g4 Qe8 25. Rfc1 Bd8 26. Kg2 Qe7 27. e3 g5 28. exf4 gxf4 29. Bd1 Be8 30. f3 Bg6 31. Qe1 Qf7 32. cxd6 cxd6 33. Bc2 Qxd5 34. Qe2 Bxc2 35. R1xc2 Rg7 36. Rd3 Rxg4+ 37. Kf1 Qb7 38. Rxd6 Rg5 39. Qd3 Qb8 40. Rcc6 Be7 41. Rd7 Rd8 42. Rxd8+ Qxd8 43. Qxd8+ Bxd8 44. Rc8 Kg7 45. Bc3 Bf6 46. Rc6 b5 47. Rb6 Kf7 1-0

[Event "Africa-ch"]
[Site "Livingstone"]
[Date "2018.05.13"]
[Round "1"]
[White "Kayonde, Andrew"]
[Black "Dimba, James"]
[Result "1-0"]
[WhiteElo "2394"]
[BlackElo "2044"]
[PlyCount "104"]
[EventDate "2018.05.13"]
[EventType "swiss"]
[EventRounds "9"]
[EventCountry "ZAM"]
[SourceTitle "CBM 184 Extra"]
[Source "ChessBase"]
[SourceDate "2018.06.28"]
[SourceVersion "1"]
[SourceVersionDate "2018.06.28"]
[SourceQuality "1"]

1. d4 Nf6 2. c4 c5 3. d5 b5 4. cxb5 a6 5. bxa6 Bxa6 6. g3 d6 7. Bg2 g6 8. b3 Bg7 9. Bb2 Nbd7 10. Nh3 0-0 11. 0-0 Qb6 12. Bc3 Ng4 13. Qd2 Rfb8 14. Bxg7 Kxg7 15. Na3 Qb4 16. Qb2+ Ndf6 17. Nc2 Qd2 18. Rfd1 Qh6 19. Re1 Ne5 20. Qc3 Kg8 21. Nf4 g5 22. Nd3 Bxd3 23. exd3 Nfg4 24. h3 Qf6 25. Qd2 Nh6 26. d4 cxd4 27. Nxd4 Re8 28. Nc6 Nf5 29. Nxe5 dxe5 30. Qe2 Nd4 31. Qxe5 Qxe5 32. Rxe5 Nxb3 33. Rxg5+ Kf8 34. Rb1 Nd2 35. Rb2 Nc4 36. Rb4 Rec8 37. d6 Ra7 38. Bb7 Rd8 39. dxe7+ Kxe7 40. Rxc4 Rxb7 41. Rh5 Rb1+ 42. Kg2 Rh8 43. Rc7+ Kf6 44. Rh4 Kg6 45. Rg4+ Kf6 46. Rf4+ Kg6 47. Rcxf7 Rb6 48. a4 Ra8 49. Rc7 h5 50. Rc5 Rba6 51. Rh4 Kg7 52. Rhxh5 Rxa4 1-0

[Event "ZAM-ch op"]
[Site "Lusaka"]
[Date "2017.04.01"]
[Round "7"]
[White "Dimba, James"]
[Black "Jurgensen, Graham"]
[Result "1-0"]
[WhiteElo "2078"]
[BlackElo "2007"]
[PlyCount "95"]
[EventDate "2017.03.29"]
[EventType "swiss"]
[EventRounds "9"]
[EventCountry "ZAM"]
[SourceTitle "EXT 2018"]
[Source "ChessBase"]
[SourceDate "2017.10.13"]
[SourceVersion "1"]
[SourceVersionDate "2017.10.13"]
[SourceQuality "1"]

1. e4 c5 2. Nf3 a6 3. d4 cxd4 4. Nxd4 e6 5. Bd3 Nc6 6. Nxc6 dxc6 7. 0-0 e5 8. c4 Bc5 9. Qc2 Nf6 10. Nd2 0-0 11. Nb3 Be7 12. c5 Be6 13. Bc4 Bxc4 14. Qxc4 Qd7 15. Bd2 Rfd8 16. Ba5 Qd3 17. Rac1 Qxc4 18. Rxc4 Rd3 19. f3 Bd8 20. Rb4 Rxb3 21. Rxb3 Bxa5 22. Rxb7 Kf8 23. Rd1 Bd8 24. Rd6 Rc8 25. b4 a5 26. a3 axb4 27. axb4 Ne8 28. Rd3 Nf6 29. Kf2 Bc7 30. Ra3 Ke7 31. Ke3 Ne8 32. Raa7 g5 33. Kd3 Kd7 34. Kc4 Ng7 35. b5 cxb5+ 36. Rxb5 Ne6 37. Rb6 h5 38. g3 g4 39. fxg4 hxg4 40. Kd5 Rd8 41. Rd6+ Kc8 42. Ra8+ Kb7 43. Raxd8 Nxd8 44. Rh6 Ne6 45. Rh4 Bd8 46. Rxg4 Ng5 47. h4 Nf3 48. Rg7 1-0

[Event "Commonwealth & RSA op"]
[Site "Port Elizabeth"]
[Date "2013.07.13"]
[Round "10"]
[White "Kobese, Watu"]
[Black "Dimba, James"]
[Result "1-0"]
[WhiteElo "2343"]
[BlackElo "2093"]
[PlyCount "67"]
[EventDate "2013.07.06"]
[EventType "swiss"]
[EventRounds "11"]
[EventCountry "RSA"]
[SourceTitle "CBM 155 Extra"]
[Source "ChessBase"]
[SourceDate "2013.08.26"]
[SourceVersion "1"]
[SourceVersionDate "2013.08.26"]
[SourceQuality "1"]

1. e4 c5 2. Nf3 d6 3. d4 cxd4 4. Nxd4 Nf6 5. Nc3 a6 6. Bc4 e6 7. Bb3 b5 8. Be3 Be7 9. f4 Qc7 10. f5 b4 11. Na4 e5 12. Nf3 Nbd7 13. c3 a5 14. cxb4 axb4 15. Rc1 Qb8 16. Ng5 0-0 17. h4 Bb7 18. Qf3 d5 19. Qd1 d4 20. g4 Nxe4 21. Rh3 Ndc5 22. f6 gxf6 23. Nxc5 Nxc5 24. Rxc5 Bxc5 25. Qc2 e4 26. Qxc5 dxe3 27. Qf5 fxg5 28. hxg5 Qg3+ 29. Rxg3 Ra6 30. Rh3 Rg6 31. Rh6 Kg7 32. Rxg6+ hxg6 33. Qf6+ Kh7 34. Bxf7 1-0

[Event "Commonwealth & RSA op"]
[Site "Port Elizabeth"]
[Date "2013.07.12"]
[Round "9"]
[White "Dimba, James"]
[Black "Jansen van Rensburg, Monica"]
[Result "1-0"]
[WhiteElo "2093"]
[BlackElo "1778"]
[PlyCount "49"]
[EventDate "2013.07.06"]
[EventType "swiss"]
[EventRounds "11"]
[EventCountry "RSA"]
[SourceTitle "CBM 155 Extra"]
[Source "ChessBase"]
[SourceDate "2013.08.26"]
[SourceVersion "1"]
[SourceVersionDate "2013.08.26"]
[SourceQuality "1"]

1. e4 c5 2. Nf3 Nc6 3. d4 cxd4 4. Nxd4 g6 5. Nc3 Bg7 6. Be3 Nf6 7. Bc4 Qa5 8. Nb3 Qb4 9. Bd3 Nxe4 10. Bxe4 Bxc3+ 11. bxc3 Qxe4 12. 0-0 d6 13. Re1 Qc4 14. Bg5 Be6 15. Nd4 Nxd4 16. cxd4 h6 17. Bxe7 Kxe7 18. d5 Kd7 19. dxe6+ fxe6 20. Qf3 e5 21. Qxb7+ Qc7 22. Qd5 Rab8 23. Qf7+ Kc8 24. Qe6+ Kd8 25. Rab1 1-0

[Event "Commonwealth & RSA op"]
[Site "Port Elizabeth"]
[Date "2013.07.07"]
[Round "3"]
[White "Dimba, James"]
[Black "Fedorchuk, Sergey A"]
[Result "0-1"]
[WhiteElo "2093"]
[BlackElo "2667"]
[PlyCount "148"]
[EventDate "2013.07.06"]
[EventType "swiss"]
[EventRounds "11"]
[EventCountry "RSA"]
[SourceTitle "CBM 155 Extra"]
[Source "ChessBase"]
[SourceDate "2013.08.26"]
[SourceVersion "1"]
[SourceVersionDate "2013.08.26"]
[SourceQuality "1"]

1. e4 c5 2. Nf3 Nc6 3. d4 cxd4 4. Nxd4 Qb6 5. Nb3 Nf6 6. Nc3 e6 7. Be3 Qc7 8. a3 d6 9. Be2 a6 10. f4 b5 11. Bf3 Bb7 12. 0-0 Be7 13. Qe1 0-0 14. g4 Rfe8 15. g5 Nd7 16. Qg3 Bf8 17. Qf2 Rab8 18. Ne2 Ba8 19. c3 Nb6 20. Bxb6 Rxb6 21. Kh1 Rbb8 22. Rac1 Ne7 23. Ng3 Nc8 24. Nh5 Nb6 25. Rg1 Nd7 26. Qh4 g6 27. Nf6+ Nxf6 28. gxf6 Qd8 29. Rg3 e5 30. f5 Bg7 31. fxg6 hxg6 32. Rh3 Qxf6 33. Qxf6 Bxf6 34. Rd1 Be7 35. Na1 Kg7 36. Nc2 Rh8 37. Rxh8 Rxh8 38. Nb4 Bb7 39. Nd5 Bg5 40. Kg2 f5 41. h3 Rh4 42. Kg3 Kf7 43. b3 Bc8 44. Bg2 Bd8 45. Kf2 fxe4 46. Kg3 Rh8 47. Bxe4 Rxh3+ 48. Kg2 Rh4 49. Bd3 Bh3+ 50. Kg3 Bf5 51. Be2 Rh3+ 52. Kg2 Bh4 53. Rf1 Rg3+ 54. Kh2 Rg5 55. Nc7 Bg3+ 56. Kh1 Ke7 57. Nxa6 Be4+ 58. Bf3 Bd3 59. Rd1 Bc2 60. Rd5 Bf2 61. Rxb5 Rg1+ 62. Kh2 e4 63. Be2 e3 64. Rb7+ Kf6 65. Rb4 Re1 66. Bf3 e2 67. Rf4+ Bf5 68. Bxe2 Rxe2 69. Kg2 Be3+ 70. Kf3 Re1 71. Rh4 g5 72. Rh6+ Ke5 73. Rh8 g4+ 74. Kg2 Rg1+ 0-1